Conceptual and historical issues in psychology / (Record no. 2850)

000 -LEADER
fixed length control field 01833cam a2200313 a 4500
001 - CONTROL NUMBER
control field 16781736
003 - CONTROL NUMBER IDENTIFIER
control field OSt
005 - DATE AND TIME OF LATEST TRANSACTION
control field 20180117085951.0
008 - FIXED-LENGTH DATA ELEMENTS--GENERAL INFORMATION
fixed length control field 110516s2011 enka b 001 0 eng
010 ## - LIBRARY OF CONGRESS CONTROL NUMBER
LC control number 2011019425
020 ## - INTERNATIONAL STANDARD BOOK NUMBER
International Standard Book Number 9780273737285 (pbk.)
040 ## - CATALOGING SOURCE
Original cataloging agency DLC
Transcribing agency DLC
Modifying agency DLC
042 ## - AUTHENTICATION CODE
Authentication code pcc
050 00 - LIBRARY OF CONGRESS CALL NUMBER
Classification number BF81
Item number .H796 2011
082 00 - DEWEY DECIMAL CLASSIFICATION NUMBER
Classification number 150
Edition number 23
100 1# - MAIN ENTRY--PERSONAL NAME
Personal name Hughes, Brian M.
245 10 - TITLE STATEMENT
Title Conceptual and historical issues in psychology /
Statement of responsibility, etc. Brian M. Hughes.
260 ## - PUBLICATION, DISTRIBUTION, ETC.
Place of publication, distribution, etc. Harlow, England ;
-- New York :
Name of publisher, distributor, etc. Pearson,
Date of publication, distribution, etc. 2011.
300 ## - PHYSICAL DESCRIPTION
Extent xv, 205 p. :
Other physical details ill. ;
Dimensions 24 cm.
490 0# - SERIES STATEMENT
Series statement Psychology express
504 ## - BIBLIOGRAPHY, ETC. NOTE
Bibliography, etc. note Includes bibliographical references and index.
505 0# - FORMATTED CONTENTS NOTE
Formatted contents note Explaining people : theoretical psychology throughout the ages -- Ways of knowing : the scientific method and its alternatives -- From philosophy to laboratory : the arrival of empirical psychology -- The evolution of measurement : from physiognomy to psychometrics -- The behaviourist revolution : actions as data -- The cognitive revolution : the metaphor of computation -- Neuroscience and genetics : 21st century reductionism? -- Can psychology be scientific? -- Subjectivist approaches to psychology -- The problem of consciousness -- Science since the 20th century : postpositivism and postmodernism -- Relativism, constructivism and their implications for psychology -- The future of psychology -- And finally, before the exam--.
650 #0 - SUBJECT ADDED ENTRY--TOPICAL TERM
Topical term or geographic name entry element Psychology
General subdivision History.
650 #0 - SUBJECT ADDED ENTRY--TOPICAL TERM
Topical term or geographic name entry element Psychology
General subdivision Philosophy.
906 ## - LOCAL DATA ELEMENT F, LDF (RLIN)
a 7
b cbc
c orignew
d 1
e ecip
f 20
g y-gencatlg
942 ## - ADDED ENTRY ELEMENTS (KOHA)
Source of classification or shelving scheme
Koha item type Book
Holdings
Withdrawn status Lost status Source of classification or shelving scheme Damaged status Not for loan Collection code Permanent Location Current Location Shelving location Date acquired Total Checkouts Total Renewals Full call number Barcode Date last seen Date last checked out Price effective from Koha item type
            Central Library (CL) Central Library (CL) General Stacks 03/22/2016 3 4 150 HUG S3H-S-366 01/03/2026 12/11/2025 03/22/2016 Book
© 2023 Central Library, National University of Sciences and Technology. All Rights Reserved.